| 000 | 00367nam a2200097Ia 4500 | ||
|---|---|---|---|
| 008 | 180130s9999 xx 000 0 und d | ||
| 245 |
_cPisano, Gary P.; Verganti, Roberto _aWhich kind of collaboration is right for you? |
||
| 260 | _c2013 | ||
| 300 | _aBook title: HBR's 10 must reads on collaboration--Acession number C20792; pages 137-152 | ||
| 650 | _aBUSINESS NETWORKS | ||
| 999 |
_c354447 _d354447 |
||